00834nam a2200229 a 450000100100000000500170001000800410002704000250006808200160009310000330010924500540014226000390019630000210023549000100025649000130026659000760027983000170035583000190037204900090039195201870040099900170058700003480120200930073919.0111020s1974 sp 000 p spa d aDO-SdBNPbspacBNPHU axxxxbM433t1 aMatos Paoli, Francisco9921010aTestigo de la esperanza /cFrancisco Matos Paoli. aBarcelona :bUniversitaria,c1974. a132 p. ;c18 cm.1 aUprex1 aPoesía aPerteneció a la biblioteca personal de Juan Isidro Jimenes Grullón. 0aUprex960312 0aPoesía91183 aBNGR 001050718MOaGRbGRcCTd2011-10-20iLF1l0oxxxx M433tp34801-10r2020-06-25w2020-06-25y1zPerteneció a la biblioteca personal de Juan Isidro Jimenes GrullónZNo se presta c34292d34292